| Registos Bibliográficos associados ao registo de autoridade |
|
Etiqueta de registo: 00254nam 2200025 450 001 2288639 003 http://id.bnportugal.gov.pt/bib/catbnp/2288639 100 ## $a20260623d2025 k y0pory01030103ba 101 0# $apor$deng 102 ## $aPT 105 ## $aa m 000yy 106 ## $ar 200 1# $a A implementação dos objetivos do desenvolvimento sustentável (ODS) e a educação
para a saúde nas escolas$fAndreia Marlise Carneiro de Carvalho$gorient. Isilda Teixeira Rodrigues 210 #9 $aVila Real$c[s.n.],$d2025 215 ## $a[3] f. XVIII, 255 p.$cil.$d30 cm 328 #1 $aTese doutoramento Ciências da Educação, Universidade de Trás-os-Montes e Alto Douro,
2025 700 #1 $aCarvalho,$bAndreia Marlise Carneiro de $32001442 702 #1 $aRodrigues,$bIsilda Teixeira$4727$3961699 801 #0 $aPT$bBN$gRPC 966 ## $lBN$mFGMON$x1 971 ## $cjbeatriz$d20260623
|
|
|